000 00244nam a2200097Ia 4500
001 731363
005 20250826163732.0
008 250824s9999 xx 000 0 und d
245 0 _aARŞİMET ZEKAİ TATİLDE
_cDURAN ÇETİN
260 _bATLI KARINCA
999 _c731363
_d731363